| 000 | 01573 a2200241 4500 | ||
|---|---|---|---|
| 001 | 44885 | ||
| 005 | 20260407155723.0 | ||
| 008 | 260407a1999 arg spa d | ||
| 003 | AR-UNSa-BCEJYS | ||
| 040 |
_aAR-UNSa-BCEJYS _bspa _cAR-UNSa-BCEJYS |
||
| 080 |
_a330.43 _xEconometría |
||
| 245 | 1 | 0 | _aAnálisis econométrico |
| 020 | _a84-8322-007-5 | ||
| 250 | _a3a. ed. | ||
| 264 | 1 |
_aMéxico : _bPrentice-Hall _c1999 |
|
| 300 |
_axxxv, 913 p. _c27 cm. |
||
| 505 | _a1. Introducción - 2. Álgebra matricial - 3. Probabilidad y teoría de la distribución - 4. Inferencia estadística - 5. Cómputo y optimización – 6. El modelo clásico de regresión múltiple lineal: especificación y estimación – 7. Inferencia y predicción – 8. Forma funcional, no linealidad y especificación – 9. Problemas de los datos – 10. Modelos de regresión no lineal – 11. Perturbaciones no esféricas, regresión generalizada y estimación GMM – 12. Heterocedasticidad – 13. Perturbaciones autocorrelacionadas – 14. Modelos para datos de panel – 15. Sistemas de ecuaciones de regresión – 16. Modelos de ecuaciones simultáneas – 17. Regresiones con variables retardadas – 18. Modelos de series temporales – 19. Modelos con variables dependientes discretas – 20. Modelos con variable dependiente limitada y modelo de duración. | ||
| 041 | _aspa | ||
| 942 | _cBK | ||
| 590 | _aniveau_biblio:m niveau_hierar:0 | ||
| 100 | 1 | _aGreene, William H. | |
| 856 | 4 | 1 |
_uhttps://www.biblioeco.unsa.edu.ar/pmb/images/libros/L127016.jpg _yImagen de portada _qimage/jpeg |
| 999 |
_c3834 _d3834 |
||